000 00845cam a22002651 4500
001 1831
003 BD-RjUL
005 20211208233424.0
008 160619s1948 enkb b 001 0 eng
020 _a0710012853 (C)
020 _a0710046588 (P)
035 _a(BD-RjUL)1858
040 _aDLC
_cMH
_dOCoLC
_dDLC
_dBD-RjUL
_beng
041 _aeng
082 0 4 _a330.947
_219
_bDOS 1978
100 1 _aDobb, Maurice
_d1900-1976.
_95901
245 1 0 _aSoviet Economic Development since 1917 /
_cby Maurice Dobb.
250 _a6th ed. (Revised), Routledge Paperback ed.
260 _aLondon :
_bRoutledge & Kegan Paul,
_c1966 [Reprinted 1978].
300 _aviii, 515 p. :
_bill. ;
_c21 cm.
504 _aIncludes Bibliographical footnotes and index
651 0 _aSoviet Union
_xEconomic conditions.
_96066
942 _2ddc
_cBK
999 _c1831
_d1831